000 00736nam a2200289Ia 4500
005 20260324112357.0
008 008 260324s9999 xx 000 0 eng d
020 _a9781003335153
037 _aEBOOK
040 _aCRL
040 _beng
040 _cCRL
041 _2eng
041 _aeng
084 _qCRL
100 _aSheila Murphy; Tracey Regenold; Philip Reed
_91142442
245 0 _aSystemic Thinking for Public Managers
245 0 _bFive Practices for Creating a Vibrant Organization
260 _bTaylor and Francis
260 _c2024
365 _a
365 _b220
856 _uhttp://www.taylorfrancis.com/books/9781003335153
942 _cEBOOK
999 _c1731628
_d1731628